Reading the river : a voyage down the Yukon

Bibliographic Details
Main Author: Hildebarnd, John
Format: Book
Published: Boston : Houghton Mifflin , 1988
Subjects:

MARC

LEADER 00000cam a2200000 7i4500
001 0000001310
002 000001444
005 20000330.0
020 |a 0395424801 
090 0 0 |a 917.986   |b HIL 
100 1 |a Hildebarnd, John 
245 1 0 |a Reading the river :   |b a voyage down the Yukon   |c John Hildebrand 
260 |a Boston :   |b Houghton Mifflin ,   |c 1988 
300 |a 243p. ;   |c 22cm. 
600 0 0 |a Hildebrand, John   |x Journeys   |x Yukon River(Yukon and Alaska) 
651 0 |a Yukon River (Yukon and Alaska)   |x description and travel 
999 |a 030701   |b BUKU   |c PINJAMAN   |e PERPUSTAKAAN KOMUNITI PETALING JAYA